000 01180nam1a22002291i 4500
001 rc\4730349
005 20260407133352.0
035 _a(NLR Aleph) 008732615
090 _a9485404
_c9485404
100 _a20130416d1968 |||y0rusy50 ca
101 0 _arus
102 _aRU
105 _a ac |||||
200 1 _aПодшипники качения
_eБиблиогр. указатель отечеств. и зарубежной литературы...
_fВсесоюз. науч.-исслед. конструкторско-технол. ин-т подшипниковой пром-сти "ВНИПП"
210 _aМосква
_cСпециализир. информ. центр подшипниковой пром-сти
_d1968
215 _d26
606 _aПодшипники качения
_jБиблиография
_2psbo
712 0 2 _aВсесоюзный научно-исследовательский конструкторско-технологический институт подшипниковой промышленности
_3RU\NLR\AUTH\889996906
_9491052
801 0 _aRU
_bNLR
_gpsbo
801 1 _aRU
_bELAR
_2rusmarc
852 _aNLR
_jС307-410/П-44
942 _cBOOK